Normal view
MARC view
- الجرائم- الانترنت - القانون الجنائي
Entry Topical Term
001 - CONTROL NUMBER
- control field: 59195
003 - CONTROL NUMBER IDENTIFIER
- control field: JO-AjAnu
005 - DATE AND TIME OF LATEST TRANSACTION
- control field: 20230606083701.0
008 - FIXED-LENGTH DATA ELEMENTS
- fixed length control field: 230606|| aca||aabn | a|a d
040 ## - CATALOGING SOURCE
- Original cataloging agency: JO-AjAnu
- Transcribing agency: JO-AjAnu
150 ## - HEADING--TOPICAL TERM
- Topical term or geographic name entry element: الجرائم- الانترنت - القانون الجنائي
670 ## - SOURCE DATA FOUND
- Source citation: Work cat.: (JO-AjAnu)30193: الخشاشنة، توفيق عبدالله , author 59194, مسرح الجريمة ومعاينته عبر شبكة المعلومات الدولية